000 00501pam a2200181 a 4500
020 _a0750656018
_c1976.77
041 _aeng
_hNULL
082 _a618.2
_bSTW/HUNT
100 _aSTWART , M .
245 _aPREGNANCY BIRTH & MATERNITY CARE : FEMINIST PERSPECTIVES /
_cNULL.
_hTextual Documents
260 _aNULL :
_bBOOKS FOR MIDWIVES ,
_c2004.
300 _aEVANS :
_bA ;
_cT .
365 _a1976.77
700 _aHUNT, S .
930 _a795
999 _c795331
_d795331
650 _aOBST.GYNE